Giáo dục trong thời đại tri thức

Tập hợp các bài viết về vấn đề giáo dục: giáo dục trong thời đại tri thức, giáo dục tại các nước, giáo dục mới, cải tiến giáo dục, giáo dục đại học và giáo dục của tương lai

Salvato in:
Dettagli Bibliografici
Autore principale: John Vũ
Natura: Libro
Lingua:Undetermined
Pubblicazione: Hà Nội Lao động 2016
Soggetti:
Tags: Aggiungi Tag
Nessun Tag, puoi essere il primo ad aggiungerne! !
Thư viện lưu trữ: Trung tâm Học liệu Trường Đại học Cần Thơ
LEADER 00807nam a2200193Ia 4500
001 CTU_238064
008 210402s9999 xx 000 0 und d
082 |a 370.1 
082 |b J65 
100 |a John Vũ 
245 0 |a Giáo dục trong thời đại tri thức 
245 0 |c John Vũ ; Ngô Trung Việt (dịch) 
260 |a Hà Nội 
260 |b Lao động 
260 |c 2016 
520 |a Tập hợp các bài viết về vấn đề giáo dục: giáo dục trong thời đại tri thức, giáo dục tại các nước, giáo dục mới, cải tiến giáo dục, giáo dục đại học và giáo dục của tương lai 
650 |a Giáo dục,Education 
910 |b nthai 
980 |a Trung tâm Học liệu Trường Đại học Cần Thơ